Sarmiento en las crisis argentinas /

Guardado en:
Autor Principal: Ghioldi, Americo
Formato: Libro
Publicado: Buenos Aires : El Ateneo, 1948
Materias:
Etiquetas: Agregar Etiqueta
Sin Etiquetas, Sea el primero en etiquetar este registro!
LEADER 00564nam a22001935a 4500
001 EHU.bham024882
003 AR-BHAM
005 20130508103139.0
008 130507s1948##################000#0#####d
082 A 8 |a 864.4 
100 1 |a Ghioldi, Americo 
245 1 0 |a Sarmiento en las crisis argentinas /  |c Americo Ghioldi 
260 |a Buenos Aires :  |b El Ateneo,  |c 1948 
300 |a 149 p. 
653 |a Donacion lejarraga 
653 |a Sarmiento 
653 |a Historia argentina 
653 |a Ensayo argentino 
859 |a AR-BHAM  |b BIB. HUMANIDADES - General  |h A864.4  |i G344  |k A  |p 607.02  |t Ej.1